Comment neutraliser les chocs budgétaires susceptibles de menacer l'intégration monétaire européenne?

Rozpočtová politika v Európe a porovnávacia úprava miezd a kurzov. Efekty expanzívnej rozpočtovej politiky. Efekty politiky kombinovanej s reálnym kurzom. Oživenie rozpočtu kompenzovaného znížením miezd a politika výmenného kurzu. (Pecunia 1990, č.2-3.).

Salvato in:
Dettagli Bibliografici
Autore principale: Aglietta, M.
Altri autori: Coudert, V.
Natura: Capitolo di libro
Lingua:francese
Soggetti:
Tags: Aggiungi Tag
Nessun Tag, puoi essere il primo ad aggiungerne!!

MARC

LEADER 00000naa a2200000 4500
001 r003909
005 20221125091547.9
041 0 |a fre 
044 |a FR 
245 1 0 |a Comment neutraliser les chocs budgétaires susceptibles de menacer l'intégration monétaire européenne?  |c M. Aglietta, V. Coudert 
520 |a Rozpočtová politika v Európe a porovnávacia úprava miezd a kurzov. Efekty expanzívnej rozpočtovej politiky. Efekty politiky kombinovanej s reálnym kurzom. Oživenie rozpočtu kompenzovaného znížením miezd a politika výmenného kurzu. (Pecunia 1990, č.2-3.). 
610 2 0 |a mena 
610 2 0 |a západná Európa 
610 2 0 |a integrácia 
610 2 0 |a rozpočet štátny 
610 2 0 |a mzdy 
610 2 0 |a kurz menový 
100 1 |a Aglietta, M. 
700 1 |a Coudert, V.